| 000 | 00527nam a22002177a 4500 | ||
|---|---|---|---|
| 003 | Nust | ||
| 005 | 20220112151846.0 | ||
| 008 | 170120b xxu||||| |||| 00| 0 eng d | ||
| 020 | _a9780070085527 | ||
| 038 | _akhadija | ||
| 040 | _c. | ||
| 082 | _a519.4 SCH | ||
| 100 |
_aScheid, francis _988331 |
||
| 245 |
_aSCHAUM'S Outlines Numerical Analysis / _cFrancis Scheid, |
||
| 250 | _a2nd | ||
| 260 |
_aNew Delhi _bTata McGraw Hill _c2010. |
||
| 300 | _aInvp | ||
| 500 | _aPaperback. | ||
| 563 | _aPB | ||
| 942 |
_cBK _2ddc |
||
| 999 |
_c32353 _d32353 |
||